000 00274nam a2200109Ia 4500
001 1276020
005 20260417160439.0
008 260417s9999 xx 000 0 und d
020 _a9786256792111
245 0 _aKafam Çiçek Çiçek
_cAziz Kadırga
260 _bKetebe Çocuk
999 _c1276020
_d1276020